000
00274 a2200097 4500
001
55377
090
_c
34362
_d
34362
100
_a
Moses, A. Mohandas
245
_a
Last frontiers of the mind ; challange of the digital age
260
_a
New Delhi
_b
Prentice Hall of India
_c
2005
942
_a
NUST-CAE
_k
128.2 MOS
999
_c
290450
_d
290450